Nueva guía del Museo del Prado
Furkejuvvon:
| Váldodahkki: | |
|---|---|
| Materiálatiipa: | Girji |
| Giella: | espánnjágiella |
| Almmustuhtton: |
Madrid
Mayfe
1973
|
| Preanttus: | 18a. ed |
| Fáttát: | |
| Fáddágilkorat: |
Lasit fáddágilkoriid
Eai fáddágilkorat, Lasit vuosttaš fáddágilkora!
|
MARC
| LEADER | 00000nam a2200000 a 4500 | ||
|---|---|---|---|
| 001 | UCZ2538 | ||
| 003 | CL-VaPUC | ||
| 008 | 951005e19730000SP |||||||||||||||||spa|d | ||
| 082 | 0 | 4 | |a 708.6 |b PAR |2 21 |
| 100 | |a Paredes Herrera, Ovidio-César |e autor |9 346323 | ||
| 245 | 1 | 0 | |a Nueva guía del Museo del Prado |
| 250 | |a 18a. ed | ||
| 300 | |a 174 p | ||
| 942 | |c BK | ||
| 945 | |d 19951005 00:00:00 |a awong | ||
| 260 | |a Madrid |b Mayfe |c 1973 | ||
| 600 | 0 | 7 | |a MUSEO DEL PRADO |2 CL-VaPUC |9 319199 |
| 650 | 7 | |a PINTORES EUROPEOS |2 CL-VaPUC |9 340351 | |
| 650 | 0 | |a Pintura europea |9 340350 | |
| 650 | 0 | |a Museos de arte |9 265235 | |
| 651 | 0 | |a España |9 254926 | |
| 583 | |a last modification |c 19951005 00:00:00 |k Rodrigo Vera | ||
| 999 | |c 239115 |d 239113 | ||